| 000 | 00916nam a2200253 4500 | ||
|---|---|---|---|
| 001 | 132582 | ||
| 003 | ES-MaACL | ||
| 005 | 20250725233123.0 | ||
| 007 | t| | ||
| 008 | 070214s1971 fr r ||||1| spa d | ||
| 245 | 0 | 0 |
_aRomancero de la guerra de España / _cpresentación y recopilación de Serge Salaün. |
| 260 |
_a[París] : _bRuedo Ibérico, _c1971. |
||
| 300 |
_a3 v. ; _c22 cm. |
||
| 505 | 8 | _aContiene: 1. Romancero libertario - 2. Romancero de la defensa de Madrid - 3. Romancero de la tierra | |
| 650 | 7 |
_aPoesías políticas españolas _2 _916239 |
|
| 651 | 0 |
_aEspaña- _xHistoria- _y1936-1939, Guerra civil- _vPoesías. _98323 |
|
| 700 | 1 |
_aSalaün, Serge. _9101784 |
|
| 710 | 2 |
_aÉditions Ruedo ibérico. _9145333 |
|
| 740 | 0 | 2 | _aRomancero libertario. |
| 740 | 0 | 2 | _aRomancero de la defensa de Madrid. |
| 740 | 0 | 2 | _aRomancero de la tierra. |
| 852 |
_aES-MaACL _jP-1742 |
||
| 999 |
_c132582 _d132582 |
||